An Introduction to Linguistics (Record no. 53)

000 -LEADER
fixed length control field 00387nam a22001337a 4500
008 - FIXED-LENGTH DATA ELEMENTS--GENERAL INFORMATION
fixed length control field 150326b xxu||||| |||| 00| 0 eng d
020 ## - INTERNATIONAL STANDARD BOOK NUMBER
International Standard Book Number 0582792932
050 ## - LIBRARY OF CONGRESS CALL NUMBER
Classification number P 121 .T63 1987
100 ## - MAIN ENTRY--PERSONAL NAME
Personal name Todd Loreto
Dates associated with a name 1987
245 ## - TITLE STATEMENT
Title An Introduction to Linguistics
260 ## - PUBLICATION, DISTRIBUTION, ETC. (IMPRINT)
Place of publication, distribution, etc. England
Name of publisher, distributor, etc. York Press
Date of publication, distribution, etc. 1987
300 ## - PHYSICAL DESCRIPTION
Extent 134P.
942 ## - ADDED ENTRY ELEMENTS (KOHA)
Source of classification or shelving scheme
Koha item type Hard Covered Materials
Classification part P 121 .T63 1987
Call number prefix P
Call number suffix 121 .T63 1987
Koha issues (borrowed), all copies 11
Holdings
Withdrawn status Lost status Source of classification or shelving scheme Damaged status Not for loan Home library Current library Date acquired Total Checkouts Full call number Barcode Date last seen Price effective from Koha item type Date last checked out Shelving location Source of acquisition
          MACHAKOS UNIVERSITY LIBRARY MACHAKOS UNIVERSITY LIBRARY 26/03/2015   P 121 .T63 1987 4078 26/03/2015 26/03/2015 Hard Covered Materials      
          MACHAKOS UNIVERSITY LIBRARY MACHAKOS UNIVERSITY LIBRARY 26/03/2015 2 P 121 .T63 1987 4379 03/06/2019 26/03/2015 Hard Covered Materials 10/06/2017    
          MACHAKOS UNIVERSITY LIBRARY MACHAKOS UNIVERSITY LIBRARY 26/03/2015 10 P 121 .T63 1987 2989 15/09/2025 26/03/2015 Short Loan Books 15/09/2025 Short Loan Donation
          MACHAKOS UNIVERSITY LIBRARY MACHAKOS UNIVERSITY LIBRARY 04/07/2016 2 P 121 .T63 1987 4805 15/09/2025 04/07/2016 Short Loan Books 15/09/2025 Short Loan purchase
          MACHAKOS UNIVERSITY LIBRARY MACHAKOS UNIVERSITY LIBRARY 04/07/2016   P 121 .T63 1987 4044 04/06/2019 04/07/2016 Short Loan Books   Short Loan Purchase
© Machakos University Library, Along The Highway, Machakos Wote Rd, Machakos, Kenya P.O. Box 136 - 90100 Machakos - Kenya

Tel: ( +254 ) 723 805829 OR Fax : 044-20353 OR Email: library@mksu.ac.ke